Statistics for Super Smash Bros. Fighters by Picture #2

Click here to take the quiz!

General Stats

  • This quiz has been taken 75 times
  • The average score is 13 of 20

Answer Stats

Answer% Correct
Duck Hunt
95%
Fox
93%
Ice Climbers
93%
Daisy
88%
Little Mac
88%
Zelda
88%
Banjo and Kazooie
83%
Bowser
83%
Steve
82%
Sora
80%
Chrom
73%
Wario
73%
Isabelle
62%
Ness
62%
Mr. Game and Watch
53%
Byleth
35%
Toon Link
33%
Captain Falcon
27%
Meta Knight
27%
Mewtwo
20%

Score Distribution

Percentile by Number Answered

Percent of People with Each Score

Your Score History

You have not taken this quiz